[Event "St Veit op-B 37th"]
[Site "St Veit"]
[Date "2018.07.07"]
[Round "1"]
[White "Novosel, Lovro"]
[Black "Isola, Florian"]
[Result "1/2-1/2"]
[WhiteElo "1662"]
[BlackElo "1619"]
[PlyCount "80"]
[EventDate "2018.07.07"]
[EventType "swiss"]
[EventRounds "9"]
[EventCountry "AUT"]
[SourceTitle "EXT 2020"]
[Source "ChessBase"]
[SourceDate "2019.10.17"]
[SourceVersion "1"]
[SourceVersionDate "2019.10.17"]
[SourceQuality "1"]

1. e4 e5 2. Nf3 Nc6 3. d4 exd4 4. Bc4 Bb4+ 5. Bd2 Bxd2+ 6. Qxd2 Nge7 7. Nxd4 d6 8. 0-0 0-0 9. Nc3 Nxd4 10. Qxd4 Nc6 11. Qd3 Be6 12. Bd5 Qf6 13. Rfe1 Bxd5 14. Nxd5 Qd4 15. Qxd4 Nxd4 16. Rad1 Ne6 17. c4 Rad8 18. Re3 Rd7 19. e5 Rfd8 20. Rde1 dxe5 21. Rxe5 c6 22. Nf4 Rd1 23. Nxe6 Rxe1+ 24. Rxe1 fxe6 25. f3 Kf7 26. Kf2 Rd2+ 27. Re2 Rd4 28. b3 Kf6 29. Ke3 c5 30. g3 e5 31. Rf2 g5 32. f4 gxf4+ 33. gxf4 exf4+ 34. Rxf4+ Rxf4 35. Kxf4 a6 36. Kg4 Kg6 37. h4 h5+ 38. Kf4 Kf6 39. a3 a5 40. Ke4 Ke6 1/2-1/2